000 00303nam a22001337a 4500
008 181016b xxu||||| |||| 00| 0 eng d
020 _a9780070091825
041 _aeng
080 _a159.9
100 _a48
101 _aPSI
245 _aThe Social Psychology of Gender
_cBurn,Sh.M
942 _2udc
_cBK
999 _c49886
_d49886